Tribal proposals to acquire land-in-trust for gaming across state lines and how such proposals are affected by the off-reservation discussion draft bill : oversight hearing before the Committee on Resources, U.S. House of Representatives, One Hundred Ninth Congress, first session, Wednesday, April 27, 2005.

Bibliographic Details
Corporate Author: United States. Congress. House. Committee on Resources (Author)
Format: Government Document eBook
Language:English
Published: Washington : U.S. Government Printing Office, 2005.
Subjects:
Online Access:PDF version
Text version

MARC

Tag First Indicator Second Indicator Subfields
LEADER 00000cam a2200000 i 4500
001 in00004339639
005 20211120105831.0
006 m o d f
007 cr |||||||||||
008 100809s2005 dcu o f000 0 eng c
019 |a 651686911 
035 |a (OCoLC)ocn654455700 
040 |a OCLCE  |b eng  |e rda  |e pn  |c OCLCE  |d OCLCQ  |d OCLCO  |d OCLCQ  |d OCLCF  |d FNL  |d OCLCO  |d OCL  |d GPO  |d MvI  |d UtOrBLW 
042 |a pcc 
043 |a n-us--- 
049 |a WWW 
050 4 |a KF27  |b .R38 2005d 
074 |a 1023-C (online) 
086 0 |a Y 4.R 31/3:109-9 
088 |a Serial no. 109-9 (United States. Congress. House. Committee on Resources) 
110 1 |a United States.  |b Congress.  |b House.  |b Committee on Resources,  |e author.  |0 http://id.loc.gov/authorities/names/no95014214 
245 1 0 |a Tribal proposals to acquire land-in-trust for gaming across state lines and how such proposals are affected by the off-reservation discussion draft bill :  |b oversight hearing before the Committee on Resources, U.S. House of Representatives, One Hundred Ninth Congress, first session, Wednesday, April 27, 2005. 
264 1 |a Washington :  |b U.S. Government Printing Office,  |c 2005. 
300 |a 1 online resource (iii, 64 pages) 
336 |a text  |b txt  |2 rdacontent 
337 |a computer  |b c  |2 rdamedia 
338 |a online resource  |b cr  |2 rdacarrier 
500 |a "Serial number 109-9." 
650 0 |a Indian allotments.  |0 http://id.loc.gov/authorities/subjects/sh95005328 
650 0 |a Gambling on Indian reservations  |z United States.  |0 http://id.loc.gov/authorities/subjects/sh2009125661 
650 0 |a Casinos  |x Location  |z United States. 
655 7 |a Legislative hearings.  |2 lcgft  |0 http://id.loc.gov/authorities/genreForms/gf2013025047 
776 0 8 |i Print version:  |a United States. Congress. House. Committee on Resources.  |t Tribal proposals to acquire land-in-trust for gaming across state lines and how such proposals are affected by the off-reservation discussion draft bill  |w (DLC) 2005452885  |w (OCoLC)61329112 
776 0 8 |i Microfiche version:  |a United States. Congress. House. Committee on Resources.  |t Tribal proposals to acquire land-in-trust for gaming across state lines and how such proposals are affected by the off-reservation discussion draft bill  |w (OCoLC)61820698 
856 4 0 |3 PDF version  |u https://purl.fdlp.gov/GPO/LPS63091  |t 0 
856 4 0 |3 Text version  |u https://purl.fdlp.gov/GPO/LPS63090  |t 0 
999 f f |s 476db2a1-3d4a-36b2-8f19-1379f6c871be  |i ebffd10d-f487-3e7d-9d72-34c985b6e36b  |t 0 
952 f f |a Texas A&M University  |b College Station  |c Electronic Resources  |d Available Online  |t 0  |e Y 4.R 31/3:109-9  |h Superintendent of Documents classification 
998 f f |a Y 4.R 31/3:109-9  |t 0  |l Available Online